Microeconomics / (Record no. 164236)

MARC details
000 -LEADER
fixed length control field 00834nam a22002177a 4500
005 - DATE AND TIME OF LATEST TRANSACTION
control field 20190712154052.0
010 ## - LCCN (DPL NO)
LC control number B-728305
020 ## - INTERNATIONAL STANDARD BOOK NUMBER
International Standard Book Number 9789332585096
Terms of availability 809.00
035 ## - SYSTEM CONTROL NUMBER
System control number B-728305
037 ## - SOURCE OF ACQUISITION
Source of stock number/acquisition Aksharesh Enterprises
082 ## - DEWEY DECIMAL CLASSIFICATION NUMBER
Classification number 338.5
100 ## - MAIN ENTRY--PERSONAL NAME
Personal name Pindyck,Robert S.
245 ## - TITLE STATEMENT
Title Microeconomics /
Statement of responsibility, etc by Robert S. Pindyck [and] Daniel L. Rubinfeld
250 ## - EDITION STATEMENT
Edition statement 8th ed
260 ## - PUBLICATION, DISTRIBUTION, ETC. (IMPRINT)
Place of publication, distribution, etc Noida (U.P.)
Name of publisher, distributor, etc Pearson
Date of publication, distribution, etc 2019
270 ## - ADDRESS
Address 15th Floor, Tower-B, World Trade Tower, Plot No.1, Block-C, Sector-16
City Noida
Postal code 201301
300 ## - PHYSICAL DESCRIPTION
Extent 739p.:
Other physical details ill.
Dimensions 25cm(pbk)
700 ## - ADDED ENTRY--PERSONAL NAME
Personal name Rubinfeld, Daniel
942 ## - ADDED ENTRY ELEMENTS (KOHA)
Source of classification or shelving scheme Dewey Decimal Classification
Item type English Books
Classification part 338.5
Call number suffix PIN
Holdings
Withdrawn status Lost status Not for loan Collection code Home library Current library Date acquired Source of acquisition Cost, normal purchase price Full call number Barcode Copy number Cost, replacement price Koha item type
      Non-fiction Patel Nagar Patel Nagar 14/05/2019 Aksharesh Enterprises/0016/06-05-19/04/23-04-19/08-05-19 809.00 338.5 PIN B-728305 1 809.00 English Books

© Delhi Public Library
Hit Counter
free hit counter